<?xml version="1.0" encoding="UTF-8"?>
<record
    xmlns:xsi="http://www.w3.org/2001/XMLSchema-instance"
    xsi:schemaLocation="http://www.loc.gov/MARC21/slim http://www.loc.gov/standards/marcxml/schema/MARC21slim.xsd"
    xmlns="http://www.loc.gov/MARC21/slim">

  <leader>00597nam a2200181Ia 4500</leader>
  <controlfield tag="008">230718s9999    xx            000 0 und d</controlfield>
  <datafield tag="020" ind1=" " ind2=" ">
    <subfield code="a">9780123838360</subfield>
  </datafield>
  <datafield tag="041" ind1=" " ind2=" ">
    <subfield code="a">eng</subfield>
  </datafield>
  <datafield tag="082" ind1=" " ind2=" ">
    <subfield code="a">612.80285</subfield>
    <subfield code="b">WAL</subfield>
  </datafield>
  <datafield tag="100" ind1=" " ind2=" ">
    <subfield code="a">Wallisch P.</subfield>
    <subfield code="9">200721</subfield>
  </datafield>
  <datafield tag="245" ind1=" " ind2=" ">
    <subfield code="a">MATLAB For Neuroscientists</subfield>
    <subfield code="b">An Introduction To Scientific Computing In MATLAB</subfield>
  </datafield>
  <datafield tag="250" ind1=" " ind2=" ">
    <subfield code="a">2nd ed.</subfield>
  </datafield>
  <datafield tag="260" ind1=" " ind2=" ">
    <subfield code="c">2014</subfield>
    <subfield code="b">Elsevier</subfield>
  </datafield>
  <datafield tag="300" ind1=" " ind2=" ">
    <subfield code="a">550</subfield>
    <subfield code="d">Ref 922 I M.Tech. (58339)</subfield>
  </datafield>
  <datafield tag="365" ind1=" " ind2=" ">
    <subfield code="c">Rs.</subfield>
    <subfield code="b">6152.58</subfield>
  </datafield>
  <datafield tag="700" ind1=" " ind2=" ">
    <subfield code="a">Wallisch P.; Lusignan M.E.; Benayoun M.D. &amp; Baker T.I.</subfield>
    <subfield code="9">200722</subfield>
  </datafield>
  <datafield tag="906" ind1=" " ind2=" ">
    <subfield code="d">O:0591908-Mar-2018B:425206-Mar-2018</subfield>
    <subfield code="c">MTI</subfield>
    <subfield code="b">1537.53</subfield>
  </datafield>
  <datafield tag="999" ind1=" " ind2=" ">
    <subfield code="c">347132</subfield>
    <subfield code="d">347132</subfield>
  </datafield>
  <datafield tag="952" ind1=" " ind2=" ">
    <subfield code="0">0</subfield>
    <subfield code="1">0</subfield>
    <subfield code="2">ddc</subfield>
    <subfield code="3">Ref 922 I M. Tech. (58339)</subfield>
    <subfield code="4">0</subfield>
    <subfield code="7">3</subfield>
    <subfield code="a">CCEP</subfield>
    <subfield code="b">CCEP</subfield>
    <subfield code="d">2018-03-08</subfield>
    <subfield code="e">Technical Book Services</subfield>
    <subfield code="f">MTI</subfield>
    <subfield code="g">4615.05</subfield>
    <subfield code="i">4252</subfield>
    <subfield code="o">612.80285</subfield>
    <subfield code="p">CCEP-BK-58339</subfield>
    <subfield code="r">2023-07-18 00:00:00</subfield>
    <subfield code="t">1537.53</subfield>
    <subfield code="v">6152.58</subfield>
    <subfield code="w">2018-03-06</subfield>
    <subfield code="y">BK</subfield>
    <subfield code="z">058339</subfield>
  </datafield>
</record>
